Derecho laboral aplicado : (Registro nro. 28641)
[ vista simple ]
| 000 -LEADER | |
|---|---|
| fixed length control field | 02137nam a2200277Ia 4500 |
| 003 - CONTROL NUMBER IDENTIFIER | |
| control field | CO-CtgCURN |
| 005 - DATE AND TIME OF LATEST TRANSACTION | |
| control field | 20250502154544.0 |
| 008 - FIXED-LENGTH DATA ELEMENTS--GENERAL INFORMATION | |
| fixed length control field | 190723s2006 xx 000 0 spa d |
| 020 ## - INTERNATIONAL STANDARD BOOK NUMBER | |
| International Standard Book Number | 9789587111163 |
| 040 ## - CATALOGING SOURCE | |
| Original cataloging agency | CO-CtgCURN |
| Language of cataloging | spa |
| Transcribing agency | coctgcurn |
| 082 ## - DEWEY DECIMAL CLASSIFICATION NUMBER | |
| Classification number | 344.01 |
| Item number | I76d |
| 100 ## - MAIN ENTRY--PERSONAL NAME | |
| Personal name | Isaza Cadavid, Germán |
| Relator term | autor |
| 9 (RLIN) | 4803 |
| 245 #0 - TITLE STATEMENT | |
| Title | Derecho laboral aplicado : |
| Remainder of title | derecho laboral general, derecho laboral individual, derecho laboral colectivo, derecho procesal laboral, régimen de seguridad social y de pensiones / |
| Statement of responsibility, etc. | Germán Isaza Cadavid |
| 250 ## - EDITION STATEMENT | |
| Edition statement | 10a. edición |
| 260 ## - PUBLICATION, DISTRIBUTION, ETC. | |
| Place of publication, distribution, etc. | Bogotá, Colombia : |
| Name of publisher, distributor, etc. | Leyer, |
| Date of publication, distribution, etc. | 2006 |
| 300 ## - PHYSICAL DESCRIPTION | |
| Extent | 830 páginas ; |
| Dimensions | 25 centímetros |
| 504 ## - BIBLIOGRAPHY, ETC. NOTE | |
| Bibliography, etc. note | Incluye referencias bibliográficas |
| 505 ## - FORMATTED CONTENTS NOTE | |
| Formatted contents note | pte. 1. Derecho laboral general -- Cap. 1. el trabajo y el derecho laboral -- Cap. 2. Los reglamentos de trabajo -- pte. 2. Derecho laboral individual -- Cap. 1. El contrato de trabajo -- Cap. 2. Jornada de trabajo y descansos obligatorios -- Cap. 3. régimen salarial -- Cap. 4. Las prestaciones sociales -- Cap. 5. El menor trabajador -- pte. 3. Derecho laboral colectivo -- Cap. 1. El derecho de asociacion sindical y su organizacion -- Cap. 2. Conflictos, convenciones y pactos colectivos de trabajo -- pte. 4. régimen de seguridad social y de pensiones -- Cap. 1. La seguridad social en Colombia -- Cap. 2. régimen de seguridad social en salud -- Cap. 3. Sistema general de pensiones -- Cap. 4. Sistema general de riesgos profesionales -- Cap. 5. protección a la maternidad -- pte. 5. Derecho procesal laboral -- Cap. 1. Ejercicio y prescripcion de acciones laborales -- Cap. 2. Jurisdiccion, competencias y administración de justicia laboral -- Cap. 3. El proceso laboral -- Cap. 4. El proceso ordinario laboral -- Cap. 5. Procesos laborales especiales. |
| 521 ## - TARGET AUDIENCE NOTE | |
| Target audience note | AREA PROFESIONAL |
| 590 ## - LOCAL NOTE (RLIN) | |
| Local note | Programa de Derecho_18 |
| 650 ## - SUBJECT ADDED ENTRY--TOPICAL TERM | |
| Topical term or geographic name entry element | Derecho laboral |
| 9 (RLIN) | 4804 |
| 650 ## - SUBJECT ADDED ENTRY--TOPICAL TERM | |
| Topical term or geographic name entry element | Seguridad social |
| 9 (RLIN) | 4805 |
| 942 ## - ADDED ENTRY ELEMENTS (KOHA) | |
| Koha item type | Libros |
| Classification part | 344.01 |
| Item part | I76d |
| Koha issues (borrowed), all copies | 5 |
| Source of classification or shelving scheme | Dewey Decimal Classification |
| Suppress in OPAC | No |
| Withdrawn status | Lost status | Damaged status | Not for loan | Collection | Home library | Current library | Shelving location | Date acquired | Inventory number | Total checkouts | Full call number | Barcode | Date last seen | Date last checked out | Copy number | Price effective from | Koha item type |
|---|---|---|---|---|---|---|---|---|---|---|---|---|---|---|---|---|---|
| Miguel Henríquez Castañeda Barranquilla | Miguel Henríquez Castañeda Barranquilla | General | 05/23/2018 | 01562 | 3 | 344.01 I76d | 01562 | 02/05/2024 | 02/05/2024 | ej.1 | 07/23/2019 | Libros | |||||
| Miguel Henríquez Castañeda Barranquilla | Miguel Henríquez Castañeda Barranquilla | General | 05/23/2018 | 01563 | 2 | 344.01 I76d | 01563 | 02/09/2022 | 02/09/2022 | ej.2 | 07/23/2019 | Libros |